<?xml version="1.0" encoding="UTF-8"?>
<collection xmlns="http://www.loc.gov/MARC21/slim">
 <record>
  <leader>02648nam a22002531a 4500</leader>
  <controlfield tag="001">1/27736</controlfield>
  <controlfield tag="008">      s2001    lu     f      00010 gre d</controlfield>
  <datafield tag="022" ind1="0" ind2=" ">
   <subfield code="a">0254-1483</subfield>
  </datafield>
  <datafield tag="022" ind1="0" ind2=" ">
   <subfield code="a">0254-1475</subfield>
  </datafield>
  <datafield tag="028" ind1="3" ind2="1">
   <subfield code="a">1998/0277 (COD)</subfield>
  </datafield>
  <datafield tag="028" ind1="3" ind2="1">
   <subfield code="a">KT-CO-01-338-EN-C</subfield>
  </datafield>
  <datafield tag="028" ind1="3" ind2="1">
   <subfield code="a">KT-CO-01-338-GR-C</subfield>
  </datafield>
  <datafield tag="035" ind1=" " ind2=" ">
   <subfield code="l">29599</subfield>
  </datafield>
  <datafield tag="040" ind1=" " ind2=" ">
   <subfield code="a">GR-PeUP</subfield>
  </datafield>
  <datafield tag="084" ind1="-" ind2="-">
   <subfield code="2">KET</subfield>
   <subfield code="a">COM(2001) 312 τελικό</subfield>
  </datafield>
  <datafield tag="110" ind1="2" ind2=" ">
   <subfield code="a">Επιτροπή των Ευρωπαϊκών Κοινοτήτων.</subfield>
  </datafield>
  <datafield tag="245" ind1="1" ind2="0">
   <subfield code="a">Γνωμοδότηση της Επιτροπής σύμφωνα με το άρθρο 251, παράγραφος 2, στοιχείο γ) της σύνθηκης ΕΚ, επί των τροπολογιών του Ευρωπαϊκού Κιονοβουλίου στη κοινή θέση του Συμβουλίου σχετικά με την πρόταση Οδηγίας του Ευρωπαϊκού Κοινοβουλίου και του Συμβουλίου σχετικά με τα συστήματα θέρμανσης των μηχανοκίνητων οχημάτων και των ρυμουλκουμένων τους, την τροποποίηση της οδηγίας 1970/156/ΕΟΚ του Συμβουλίου και την κατάργηση της οδηγίας 1978/548/ΕΟΚ του Συμβουλίου:</subfield>
   <subfield code="b">περί τροποποιήσεως της πρότασης της Επιτροπής σύμφωνα με το άρθρο 250, παράγραφος 2 της συνθήκης ΕΚ/</subfield>
   <subfield code="c">Επιτροπή των Ευρωπαϊκών Κοινοτήτων</subfield>
  </datafield>
  <datafield tag="246" ind1="1" ind2="0">
   <subfield code="a">Opinion of the Commission pursuant to Article 251 (2) (c) of the EC Treaty, on the European Parliament's amendments to the Council's common position regarding the proposal for a Directive of the European Parliament and of the Council relating to heating systems for motor vehicles and their trailers, amending Council Directive 1970/156/EEC and repealing Council Directive 1978/548/EEC:</subfield>
   <subfield code="b">amending the Proposal of the Commission pursuant to Article 250 (2) of the EC Treaty</subfield>
  </datafield>
  <datafield tag="260" ind1="0" ind2=" ">
   <subfield code="a">Βρυξέλλες, Λουξεμβούργο:</subfield>
   <subfield code="b">Υπηρεσία Επισήμων Εκδόσεων των Ευρωπαϊκών Κοινοτήτων,</subfield>
   <subfield code="c">12.6.2001</subfield>
  </datafield>
  <datafield tag="300" ind1=" " ind2=" ">
   <subfield code="a">5 σελ.</subfield>
  </datafield>
  <datafield tag="500" ind1=" " ind2=" ">
   <subfield code="a">Δίγλωσσο</subfield>
  </datafield>
  <datafield tag="852" ind1=" " ind2=" ">
   <subfield code="a">INST</subfield>
   <subfield code="b">UNIPILB</subfield>
   <subfield code="c">KET</subfield>
   <subfield code="e">20050830</subfield>
   <subfield code="h">COM(2001) 312</subfield>
   <subfield code="p">COM(2001) 312</subfield>
   <subfield code="q">COM(2001) 312</subfield>
   <subfield code="t">NOLOAN</subfield>
   <subfield code="y">23</subfield>
   <subfield code="4">1</subfield>
  </datafield>
  <datafield tag="856" ind1="4" ind2="1">
   <subfield code="u">http://eur-lex.europa.eu/LexUriServ/LexUriServ.do?uri=COM:2001:0312:FIN:EL:PDF</subfield>
  </datafield>
  <datafield tag="856" ind1="4" ind2="1">
   <subfield code="u">http://eur-lex.europa.eu/LexUriServ/LexUriServ.do?uri=COM:2001:0312:FIN:EN:PDF</subfield>
  </datafield>
 </record>
</collection>
